书目信息 |
| 题名: |
私人心理顾问
|
|
| 作者: | 杨凤池 主编 | |
| 分册: | 操作技能 | |
| 出版信息: | 北京 北京大学出版社 2016 |
|
| 页数: | 168页 | |
| 开本: | 26cm | |
| 丛书名: | ||
| 单 册: | ||
| 中图分类: | B849.1 | |
| 科图分类: | ||
| 主题词: | 心理咨询--xin li zi xun--咨询服务 | |
| 电子资源: | ||
| ISBN: | 978-7-301-27431-6 | |
| 000 | 00870nam0 22002411 450 | |
| 001 | 1738592244 | |
| 005 | 20170627164610.0 | |
| 010 | @a978-7-301-27431-6@dCNY29.00 | |
| 100 | @a20160929d2016 em y0chiy50 ea | |
| 101 | 0 | @achi |
| 102 | @aCN@b110000 | |
| 105 | @ay z 000yy | |
| 106 | @ar | |
| 200 | 1 | @a私人心理顾问@9si ren xin li gu wen@i操作技能@f杨凤池主编 |
| 210 | @a北京@c北京大学出版社@d2016 | |
| 215 | @a168页@d26cm | |
| 304 | @a英文共同题名:Private psychological consultant | |
| 330 | @a本书包括心理危机干预、情绪调适与压力管理、催眠咨询技术、职业生涯辅导技术、交互作用分析学、夫妻关系咨询技术、亲子关系咨询技术、企业管理咨询、私人心理顾问实务等内容。 | |
| 606 | 0 | @a心理咨询@9xin li zi xun@x咨询服务 |
| 690 | @aB849.1@v5 | |
| 701 | 0 | @a杨凤池@9yang feng chi@f(1958~)@4主编 |
| 801 | 0 | @aCN@bTANGWEI@c20170621 |
| 905 | @b1015501-6@dB849.1@e1894@f6 | |
| 私人心理顾问.操作技能/杨凤池主编 .-北京:北京大学出版社,2016 |
| 168页;26cm |
| ISBN 978-7-301-27431-6:CNY29.00 |
| 本书包括心理危机干预、情绪调适与压力管理、催眠咨询技术、职业生涯辅导技术、交互作用分析学、夫妻关系咨询技术、亲子关系咨询技术、企业管理咨询、私人心理顾问实务等内容。 |
| ● |
| 相关链接 |
|
|
|
|
正题名:私人心理顾问
索取号:B849.1/1894
 
预约/预借
| 序号 | 登录号 | 条形码 | 馆藏地/架位号 | 状态 | 备注 |
| 1 | 1015501 | 210155017 | 第一样本阅览室/ [索取号:B849.1/1894] | 在馆 | |
| 2 | 1015502 | 210155026 | 教育系资料室/ [索取号:B849.1/1894] | 在馆 | |
| 3 | 1015503 | 210155035 | 教育系资料室/ [索取号:B849.1/1894] | 在馆 | |
| 4 | 1015504 | 210155044 | 教育系资料室/ [索取号:B849.1/1894] | 在馆 | |
| 5 | 1015505 | 210155053 | 第一借阅区/ [索取号:B849.1/1894] | 在馆 | |
| 6 | 1015506 | 210155062 | 第一借阅区/ [索取号:B849.1/1894] | 在馆 |